Los estudios sobre Administración en la España del siglo XVIII / (Record no. 28465)

MARC details
000 -LEADER
campo de control de longitud fija 00859nam a2200217 i 4500
001 - NÚMERO DE CONTROL
campo de control 28465
003 - IDENTIFICADOR DE NÚMERO DE CONTROL
campo de control ES-MaACL
005 - FECHA Y HORA DE LA ÚLTIMA TRANSACCIÓN
campo de control 20230906153847.0
007 - CAMPO FIJO DE DESCRIPCIÓN FÍSICA--INFORMACIÓN GENERAL
campo de control de longitud fija t|
008 - DATOS DE LONGITUD FIJA--INFORMACIÓN GENERAL
campo de control de longitud fija 030117s1968 sp ||||1| spa d
100 1# - ENTRADA PRINCIPAL--NOMBRE DE PERSONA
Nombre de persona Baena del Alcázar, Mariano.
9 (RLIN) 24589
245 14 - MENCIÓN DEL TÍTULO
Título Los estudios sobre Administración en la España del siglo XVIII /
Mención de responsabilidad, etc. Mariano Baena del Alcázar ; con el discurso sobre el Gobierno Municipal de José Agustín Ibáñez de la Rentería.
260 ## - PUBLICACIÓN, DISTRIBUCIÓN, ETC.
Lugar de publicación, distribución, etc. Madrid :
Nombre del editor, distribuidor, etc. Instituto de Estudios Políticos,
Fecha de publicación, distribución, etc. 1968.
300 ## - DESCRIPCIÓN FÍSICA
Extensión 167 p. ;
Dimensiones 21 cm.
490 1# - MENCIÓN DE SERIE
Mención de serie Estudios de administración ;
Designación de volumen o secuencia 38
700 1# - ENTRADA AGREGADA--NOMBRE PERSONAL
Nombre de persona Ibáñez de la Rentería, José Agustín.
9 (RLIN) 64919
710 2# - ENTRADA AGREGADA--NOMBRE DE ENTIDAD CORPORATIVA
Nombre de entidad corporativa o nombre de jurisdicción como elemento de entrada Instituto de Estudios Políticos (Madrid)
9 (RLIN) 4924
830 0# - PUNTO DE ACCESO ADICIONAL DE SERIE-TÍTULO UNIFORME
Título uniforme Estudios de administración ;
Designación de volumen o secuencia 38
9 (RLIN) 183321
852 ## - LOCALIZACIÓN
Ubicación ES-MaACL
Número de control de estantería C-35239
Sublocalización o colección R.68327
Holdings
Estatus retirado Estado de pérdida Estado de daño No para préstamo Biblioteca de origen Biblioteca actual Ubicación en estantería Fecha de adquisición Fuente de adquisición Total de préstamos Signatura topográfica completa Código de barras Visto por última vez Precio de reemplazo Tipo de ítem Koha
        Biblioteca del Ateneo de Madrid Biblioteca del Ateneo de Madrid Depósito 2 17/01/2008     C-35239 1029386 23/02/2023 23/02/2023 Libro impreso